000 00773nam a22002412 4500
001 31815
003 BD-RjUL
005 20211209051743.0
008 140422s1948 enk 000 0 eng d
035 _a(BD-RjUL)31903
040 _aUCW
_cUCW
_dBD-RjUL
_beng
041 _aeng
082 _a193
_bREN 1948
090 _aB3316
_b.R43
100 1 _aReyburn, H. A.
_q(Hugh Adam)
_996849
245 1 0 _aNietzsche :
_bthe story of a human philosopher /
_cby H. A. Reyburn in collaboration with H. E. Hinderks and J. G. Taylor.
260 _aLondon :
_bMacmillan,
_c1948.
300 _aviii, 499 p. ;
_c22 cm.
600 1 0 _aNietzsche, Friedrich Wilhelm,
_d1844-1900.
_93589
700 1 _aHinderks, H. E.
_996850
700 1 _aTaylor, James Garden,
_d1897-
_990113
942 _2ddc
_cBK
999 _c31815
_d31815